+130 Actores Españoles Famosos por Fotos - Estadísticas

Estadísticas generales
  • Esta prueba ha sido intentada 1.696 veces
  • La puntuación promedio es 5 de 12
Estadísticas de respuestas
Imagen Respuesta % Correcto
Mario Casas
98%
Santiago Segura
97%
Penélope Cruz
94%
Úrsula Corberó
93%
Dani Rovira
86%
Miguel Bernardeau
85%
Ester Expósito
84%
Paco León
84%
Antonio Resines
83%
Mónica Cruz
83%
Pedro Almodóvar
83%
Javier Bardem
82%
Alba Flores
79%
Antonio Banderas
79%
Arturo Valls
79%
María León
78%
Elsa Pataky
76%
Loles León
76%
Óscar Casas
76%
Silvia Abril
76%
Carmen Machi
75%
Rossy de Palma
74%
Marta Hazas
73%
Clara Galle
72%
Leo Harlem
72%
Blanca Suárez
71%
Luis Tosar
71%
Jaime Lorente
70%
José Mota
70%
Arón Piper
69%
Kira Miró
69%
Miguel Ángel Silvestre
68%
Toni Acosta
68%
Najwa Nimri
66%
Ana Milán
64%
Belén Rueda
63%
Fernando Tejero
62%
Miguel Herrán
62%
Maxi Iglesias
61%
Pablo Chiapella
61%
Anabel Alonso
60%
Paco Tous
59%
Yolanda Ramos
59%
Michelle Jenner
58%
José Coronado
57%
Hugo Silva
56%
Berto Romero
55%
Candela Peña
55%
Gabriel Guevara
55%
Manu Ríos
54%
Anna Castillo
53%
Macarena García
53%
Quim Gutiérrez
53%
Javier Cámara
52%
Nicole Wallace
52%
Macarena Gómez
51%
Maribel Verdú
51%
Blanca Romero
50%
Clara Lago
50%
Concha Velasco
50%
Martiño Rivas
49%
Amaia Salamanca
48%
Belén Cuesta
48%
Miguel Ángel Muñoz
45%
Álvaro Morte
44%
María Pedraza
44%
Carlos Cuevas
43%
Pedro Alonso
43%
Yon González
43%
Amparo Baró
41%
Luis Zahera
41%
Carolina Yuste
40%
Luna Fulgencio
40%
Eduardo Noriega
38%
Jordi Sánchez
38%
Miren Ibarguren
38%
Salva Reina
38%
Javier Gutiérrez
36%
Antonio de la Torre
34%
Megan Montaner
34%
Andrea Duro
30%
Natalia Sánchez
30%
Iván Massagué
29%
Karra Elejalde
29%
Luis Fernández
29%
Paz Vega
29%
Aitana Sánchez-Gijón
28%
Alexandra Jiménez
28%
Blanca Portillo
28%
Carlos Areces
28%
María Castro
28%
Eduard Fernández
26%
Julio Peña
25%
Patrick Criado
24%
Raúl Cimas
24%
Alejo Sauras
23%
Fele Martínez
23%
Itziar Ituño
23%
Lydia Bosch
23%
Alfredo Landa
22%
Dafne Fernández
22%
María Pujalte
22%
Verónica Sánchez
19%
María Hervás
16%
Adriana Torrebejano
15%
Irene Montalà
15%
Julia Gutiérrez Caba
15%
Alain Hernández
13%
Carla Díaz
13%
Elvira Minguez
13%
Iria del Río
13%
Raúl Arévalo
13%
Michelle Calvó
12%
Elena Irureta
11%
Laia Manzanares
11%
Unax Ugalde
11%
Daniel Grao
10%
Susana Abaitua
10%
Joaquín Climent
9%
Pilar Castro
8%
Alfonso Bassave
7%
Amparo Soler
6%
Chani Martín
6%
Enrique Arce
6%
Luisa Gavasa
6%
Manolo Caro
6%
Aida Folch
5%
Francesc Garrido
5%
Juan Margallo
3%
María de Nati
3%
Vicente Romero
3%
Vicky Luengo
3%
Roque Ruiz
0%
No se encontraron pruebas coincidentes
Distribución de puntuación
Porcentaje de gente con cada puntuación
Porcentaje por número respondido
Historial de tus puntuaciones
No has intentado esta prueba.